000 01453nam a2200457 a 4500
001 22334
003 VRT
005 20260326142927.0
008 110816s2011 xo d n 000 f slo d
020 _a9788055124650 (viaz.)
035 _a(VRT)vtls010287392
039 9 _a201111040956
_bmuro
_c201110211306
_dargo
_c201108161410
_dedita
040 _aSVKBB
_bslo
_cUKB
_eAACR2
041 1 _aslo
_heng
044 _axo
_cSK
072 7 _a821.111-3
_xAnglická próza, anglicky písaná
_2konspekt
080 _a821.111-31
_22004
080 _a(0:82-31)
_22004
100 1 _aMonninger, Joseph
240 1 0 _aEternal on the water.
_lSlovensky
245 1 0 _aNesmrteľná na vodách
_cJoseph Monninger ; [z anglického originálu preložila Jarmila Pospěchová ; verše preložila Jana Kantorová-Báliková]
260 _aBratislava
_bIkar
_c2011
300 _a311, [1] s.
504 _aBibliogr. s. [312]
653 _a821.111-31
653 _a(0:82-31)
655 7 _aanglické romány
_2UKBPH
700 1 _aPospěchová, Jarmila
_4trl
700 1 _aKantorová-Báliková, Jana,
_d1951-
_4trl
910 _asvkbb
910 _attkjf
910 _apppk
910 _askpk
910 _apokpoh
910 _asllk
910 _aukb
942 _2ddc
_cKLDO
_n0
949 _61800506581
_aSL.D.82926
_bPV.8423-2011
949 _61800506582
_aSK.D.51153
_bPV.8424-2011
_s6707:20111115
999 _c22334
_d22334